| 000 | nam a22 7a 4500 | ||
|---|---|---|---|
| 999 |
_c24362 _d24362 |
||
| 008 | 170128b xxu||||| |||| 00| 0 eng d | ||
| 020 | _a9781256772668 | ||
| 050 | _aQA 152.2 .M37 2013 | ||
| 100 |
_aMartin-Gay, Elayn _d2013 |
||
| 245 |
_aIntermediate Algebra / _cElayn Martin-Gay |
||
| 260 |
_aBoston: _bPearson, _c2013. |
||
| 300 |
_axxii,706 p.: _bill.; _c28cm. |
||
| 500 | _aincludes index. | ||
| 650 | _2Algebra | ||
| 942 |
_2lcc _cBOOKS _hQA 152.2 .M37 2013 _k32619 |
||